000 01367cam a2200325 i 4500
001 12932812
003 EG-ScBUE
005 20250617100425.0
008 020917s2003 enka f b 001 0 eng d
020 _a052105253X
020 _a9780521052535 (paperback)
040 _aDLC
_beng
_erda
_cDLC
_dDLC
_dEG-ScBUE
082 0 4 _a538.6
_222
_bBIS
100 1 _aBiskamp, D.,
_eauthor.
_93538
245 1 0 _aMagnetohydrodynamic turbulence /
_cDieter Biskamp.
264 1 _aCambridge, U.K. ;
_aNew York :
_bCambridge University Press,
_c2003.
300 _axii, 297 pages :
_billustrations ;
_c24 cm
336 _2rdacontent
_atext
_btxt
337 _aunmediated
_2rdamedia
_bn
338 _avolume
_bnc
_2rdacarrier
504 _aIncludes bibliographical references and index.
650 7 _aMagnetohydrodynamic instabilities.
_2BUEsh
_93539
650 7 _aTurbulence.
_2BUEsh
_93540
655 _vReading book
856 4 1 _3Sample text
_uhttp://www.loc.gov/catdir/samples/cam033/2002034948.html
856 4 2 _3Publisher description
_uhttp://www.loc.gov/catdir/description/cam031/2002034948.html
856 4 1 _3Table of contents
_uhttp://www.loc.gov/catdir/toc/cam031/2002034948.html
942 _2ddc
_cBB
999 _c11266
_d11266